| 000 | 00937nam a2200205Ii 4500 | ||
|---|---|---|---|
| 003 | JO-AjNU | ||
| 008 | 230605s9999||||xx |||||||||||||| ||und|| | ||
| 020 | _a978-977-308-568-1 | ||
| 040 |
_aJO-AjNU _bara _erda _cJO-AjNU |
||
| 041 | _aara | ||
| 050 | 1 | 4 | _aLC4704.T843 2019 |
| 100 | 3 |
_aالتهامي، نازك احمد واخرون، م.مشارك ابراهيم جابر المصري، ام.مشارك اسماعيل محمود علي، م.مشارك ياسمين اسلام علي , _eauthor _961926 |
|
| 245 | 0 | 0 | _aالمرجع في صعوبات التعلم وسبل علاجها، (الجزء الأول) |
| 264 | 3 | 1 | _aدسوق: دار العلم والايمان؛ الجزائر: دار الجديد للنشر والتوزيع،2019 |
| 300 | _a467ص | ||
| 336 |
_atext _btxt _2rdacontent |
||
| 337 |
_aunmediated _bn _2rdamedia |
||
| 338 |
_avolume _bnc _2rdacarrier |
||
| 650 | 4 |
_aعلم النفس التربوي _961927 |
|
| 999 |
_aA28016 _c31584 _d31584 |
||